书目信息 |
| 题名: |
ANSYS Workbench 17. 0有限元分析从入门到精通
|
|
| 作者: | ;天工在线 编著 | |
| 分册: | ||
| 出版信息: | 北京 中国水利水电出版社 2018.01 |
|
| 页数: | xi, 385页 | |
| 开本: | 26cm | |
| 丛书名: | CAD / CAM / CAE微视频讲解大系 | |
| 单 册: | ||
| 中图分类: | O241.82-39 | |
| 科图分类: | ||
| 主题词: | 计算数学 | |
| 电子资源: | ||
| ISBN: | 978-7-5170-5703-1 | |
| 000 | 00816nam0 2200229 45 | |
| 001 | 2358796875 | |
| 005 | 20230209162248.40 | |
| 010 | @a978-7-5170-5703-1@dCNY 79.80 | |
| 100 | @a20230209d2018 km y0chiy0120 ea | |
| 101 | 0 | @achi |
| 102 | @aCN | |
| 200 | 1 | @aANSYS Workbench 17. 0有限元分析从入门到精通@AANSYS Workbench 17.0 you xian yuan fen xi cong ru men dao jing tong@e实战案例版@f天工在线编著@Ftian gong zai xian bian zhu |
| 210 | @a北京@c中国水利水电出版社@d2018.01 | |
| 215 | @axi, 385页@d26cm | |
| 225 | 2 | @aCAD / CAM / CAE微视频讲解大系 |
| 410 | 0 | @12001 @aCAD / CAM / CAE微视频讲解大系 |
| 517 | @a实战案例版@Ashi zhan an li ban | |
| 606 | 0 | @a计算数学 |
| 690 | @aO241.82-39@v4 | |
| 711 | 02 | @a天工在线@Atian gong zai xian@4编著 |
| 801 | 0 | @aCN@b河南城建学院图书馆@c20230209 |
| 905 | @dO241.82-39@eT479 | |
| ANSYS Workbench 17. 0有限元分析从入门到精通:实战案例版/天工在线编著.-北京:中国水利水电出版社,2018.01 |
| xi, 385页;26cm.-(CAD / CAM / CAE微视频讲解大系) |
| ISBN 978-7-5170-5703-1:CNY 79.80 |
| ● |
| 相关链接 |
|
|
|
正题名:ANSYS Workbench 17. 0有限元分析从入门到
索取号:O241.82-39/T479
 
预约/预借
| 序号 | 登录号 | 条形码 | 馆藏地/架位号 | 状态 | 备注 |
| 1 | 1507888 | 215078886 | 材料与化工学院资料室/ [索取号:O241.82-39/T479] | 在馆 | |
| 2 | 1507889 | 215078895 | 材料与化工学院资料室/ [索取号:O241.82-39/T479] | 在馆 |